Los Incas : el imperio del sol /

Guardado en:
Autor Principal: Palermo, Miguel Ángel.
Otros Autores: Boixados, Roxana Edith.
Formato: Libro
Idioma:Undetermined
Publicado: Buenos Aires : Libros del Quirquincho, 1991.
Edición:2a ed.
Series:Schlaen, Carlos; il.
Materias:
Etiquetas: Agregar Etiqueta
Sin Etiquetas, Sea el primero en etiquetar este registro!
LEADER 01466nam a22002415a 4500
001 CEM.cems021352
008 240809s1991####ag############000#0#und#d
005 20240809182929.0
245 1 0 |a Los Incas :  |b el imperio del sol /  |c Miguel Ángel Palermo y Roxana Edith Boixados ; ilustrado por Carlos Schlaen. 
250 |a 2a ed. 
260 |a Buenos Aires :  |b Libros del Quirquincho,  |c 1991. 
300 |a 64 p. 
490 1 |a La otra historia ;  |v 2 
505 0 |a Los Incas -- Una larga historia -- Por las buenas si se podía; y sino, por las malas -- Familias, parentelas, campesinos y nobles -- Había que trabajar -- La propia tierra -- Territorios complicados -- Cusco, la ciudad de los Incas -- El poder de los dioses -- Dos hermanos se enfrentan -- Las cosas se complican mucho más: llegan los españoles -- ¿Fue tan fácil conquistar este imperio? -- Grandes -y malos- cambios en la vida de los indios -- Los indios se hartan -- Termina la Colonia y empieza la República -- Cómo se hizo esta historia -- Relación que hizo el inca Titu Cusi Yupanqui al Padre García sobre la llegada de los españoles -- Libros que hablan de los incas 
020 |a 9507370408 
100 1 |a Palermo, Miguel Ángel. 
700 1 |a Boixados, Roxana Edith. 
830 0 |a Schlaen, Carlos; il. 
653 |a Pueblos originarios 
653 |a Incas 
653 |a Historia americana 
653 |a Conquista de América 
859 |a CEMS  |b BIB. CEMS - Inicial y Primaria  |h 572  |i P174-1  |k IP  |p 563  |t Ej.1